|
|
|
|
| LEADER |
00000ny a22000003n 4500 |
| 005 |
20110513103348.0 |
| 008 |
950713c19uu9999sp mr 0 b spa |
| 035 |
|
|
|a 45
|
| 040 |
|
|
|a BUS
|d vLex
|
| 090 |
|
|
|c 1835
|d 1835
|
| 245 |
3 |
0 |
|a Boletines Oficiales Autonm̤icos
|h [Recurso electrn̤ico]
|
| 256 |
|
|
|a Servicio en ln̕ea
|
| 260 |
|
|
|a Barcelona :
|b vLEX
|
| 500 |
|
|
|a "Se trata de una seleccin̤ de las ms̀ destacadas disposiciones publicadas en los 17 Boletines oficiales de las Comunidades Autn̤omas y de los respetivos de las Ciudades Autn̤omas de Ceuta y Melilla"
|
| 650 |
0 |
4 |
|a Derecho
|z Espaą
|x Legislacin̤
|x Publicaciones perid̤icas
|
| 740 |
0 |
|
|a vLex Revista (Servicios en ln̕ea)
|
| 843 |
|
|
|a Electrn̤ica. Cerrada
|
| 853 |
|
|
|8 1
|i (year)
|j (month)
|k (day)
|
| 856 |
4 |
0 |
|z Acceso restringido
|u http://vlex.com/account/login_ip?fuente_id=45
|
| 942 |
|
|
|c REV
|